Cuando el trabajo informal es espacio para la construcción de identificaciones colectivas: un estudio sobre ferias comerciales urbanas /
El artículo se propone analizar los procesos de construcción de identificaciones colectivas en el mundo del trabajo informal, a partir de un estudio de ferias de frutas y verduras de la ciudad de La Plata, Argentina. Es decir, se pretende demostrar la centralidad que adquiere el trabajo en situacion...
Guardat en:
| Autor principal: | |
|---|---|
| Format: | Text |
| Matèries: | |
| Etiquetes: |
Afegir etiqueta
Sense etiquetes, Sigues el primer a etiquetar aquest registre!
|
MARC
| LEADER | 00000 a a2200000 04500 | ||
|---|---|---|---|
| 001 | 43750 | ||
| 003 | |||
| 040 | |||
| 100 | |a Busso, Mariana | ||
| 245 | |a Cuando el trabajo informal es espacio para la construcción de identificaciones colectivas: |b un estudio sobre ferias comerciales urbanas / |c Mariana Busso | ||
| 520 | |a El artículo se propone analizar los procesos de construcción de identificaciones colectivas en el mundo del trabajo informal, a partir de un estudio de ferias de frutas y verduras de la ciudad de La Plata, Argentina. Es decir, se pretende demostrar la centralidad que adquiere el trabajo en situaciones de informalidad en el proceso de construcción de identificaciones colectivas. | ||
| 650 | |a INFORMALIDAD | ||
| 650 | |a IDENTIDAD | ||
| 650 | |a FERIAS COMERCIALES | ||
| 650 | |a TRABAJO | ||
| 650 | |a EMPLEO | ||
| 650 | |a ARGENTINA | ||
| 773 | |g volumen 1, páginas 159-192 : tablas | ||
| 999 | |c 26064 |d 26064 | ||
